000 00695nam a2200205Ia 4500
003 GCL
008 140319s9999 xx 000 0 ara d
020 _a7194265977
040 _aGCL /
_cGCL
082 0 4 _a212.2
_bم ف
100 1 _aمحمد سعيد مرسى
245 1 0 _aفن الاولاد فى الاسلام /
_cمحمد سعيد مرسى
260 _aالقاهرة :
_bدار التوزيع والنشر الاسلامية ،
_c1998
300 _a2جزء ؛
_c24 سم
650 0 4 _aالتربية الاسلامية
650 0 4 _aالادب الاسلامى
650 0 4 _aالاطفال - العناية الصحية
650 0 4 _aالاطفال - تربية
942 _2ddc
_cBK
999 _c5851
_d5851